000 00860nam a2200181 a 4500
008 120416s0000 ||||||||||||||||| || u
020 _a0408011580
050 _aTK 7888.3 Tow
100 _aTownsend, Ralph
245 1 0 _aDigital Computer structure and design
250 _a2nd. ed
260 _aLondon
_bButterworths
_c[nd]
300 _a(vi), 252p. : ill
350 _a0.00
995 _aTEXTBOOKS (ELEC.ENG.)
_D0.00
_e7266
_FCBU-SCHOOL TEXTBOOK COLLECTIONS
_H1
_I0.00
_jSCHOOL TEXTBOOK
_M3
_UAVAILABLE
_WSep 15, 2009
_y7266
_ZSchool Collections
995 _aMAIN LIBRARY OPEN ACCESS
_D0.00
_e711958
_FCBU-MAIN LIBRARY (Kitwe)
_H1
_I20.00
_jTK 7888.3 Tow
_UAVAILABLE
_y017093
_ZMain Library Open Access Collection
995 _aANNEX COLLECTION (Main Library)
_D0.00
_e711959
_FCBU-MAIN LIBRARY (Kitwe)
_H2
_I20.00
_jTK 7888.3 Tow
_UAVAILABLE
_y017108
_ZAnnex Low-Usage Collection
999 _c63553
_d63553